Afrikan valtioiden liput kartalla - Statistics

Yleistilastot
  • Tätä visaa on pelattu 1 097 kertaa
  • Keskiarvotulos 28 / 54
Vastaukset kartalla
Vastauksille on annettu kartalla punavihreä väri sen mukaan, kuinka moni on saanut sen oikein.
 
Vastaustilastot
Vastaus % Oikein
Algeria
86%
Marokko
84%
Egypti
83%
Tunisia
75%
Etelä-Afrikka
74%
Somalia
68%
Libya
68%
Etiopia
67%
Kenia
66%
Angola
65%
Botswana
60%
Tšad
59%
Uganda
58%
Kongon demokraattinen tasavalta
58%
Eritrea
57%
Nigeria
57%
Sudan
57%
Norsunluurannikko
56%
Madagaskar
56%
Etelä-Sudan
56%
Djibouti
55%
Keski-Afrikan tasavalta
54%
Swazimaa
53%
Tansania
52%
Burundi
52%
Lesotho
52%
Niger
51%
Mosambik
50%
Malawi
50%
Namibia
49%
Liberia
49%
Kap Verde
49%
Sambia
48%
Seychellit
47%
Zimbabwe
46%
Burkina Faso
46%
Kongon tasavalta
44%
Ghana
43%
Togo
41%
Kamerun
41%
Mauritania
41%
Ruanda
41%
Päiväntasaajan Guinea
40%
Komorit
40%
Senegal
39%
Gabon
39%
Benin
38%
Mauritius
38%
Gambia
38%
São Tomé ja Príncipe
36%
Mali
36%
Sierra Leone
35%
Guinea-Bissau
32%
Guinea
30%
Ehtoja vastaavia visoja ei löytynyt
Tulosjakauma
Jokaisen tuloksen saaneiden osuus
Persentiili vastausten määrän mukaan
Tuloshistoriasi
Et ole pelannut tätä visaa